000 00721nam#a22002535a#4500
001 1780
008 110418s2009####ag#####e######001#jdspa#d
245 1 0 _aPor las calles del mundo /
_cPoli Délano ; dirigido por Mario José Grabivker.
250 _a1ª ed.
260 _aBuenos Aires :
_bInstituto Movilizador de Fondos Cooperativos,
_c2009.
300 _a127 p. ;
_c20 cm.
490 0 _aDesde la Gente
020 _a9789508602206
100 1 _aDélano, Poli.
700 1 _aGrabivker, José,
_edirector.
_4drt
080 _a860(83)-3
084 _aD33
653 _aLiteratura chilena
653 _aNarrativa chilena
040 _aAR-ClEAG
_cAR-ClEAG
005 20241107184721.0
003 AR-ClEAG
942 _cBK
999 _c1780
_d1780
980 _62
_aEvangelina Gallicchio
_82
_gEvangelina Gallicchio